[Event "44th Annual World Open"]
[Site "Philadelphia USA"]
[Date "2016.07.04"]
[Round "8"]
[White "Shabalov, Alexander"]
[Black "Salimbagat, Rico"]
[Result "1-0"]
[WhiteTitle "GM"]
[BlackTitle "FM"]
[WhiteElo "2533"]
[BlackElo "2269"]
[WhiteFideId "2008572"]
[BlackFideId "2017563"]
[EventDate "2016.06.30"]
[EventType "swiss"]

1. e4 e5 2. Nf3 Nc6 3. Bb5 Nf6 4. d3 Bc5 5. c3 Qe7 6. O-O a6 7. Ba4 O-O 8. d4
Bb6 9. Bxc6 dxc6 10. Nxe5 Nxe4 11. Re1 f5 12. Nd2 Qf6 13. Nxe4 fxe4 14. Be3 Be6
15. b4 Rad8 16. Qc2 c5 17. dxc5 Qxe5 18. cxb6 Bd5 19. Bd4 Qf4 20. bxc7 Qxc7 21.
Re3 Qc4 22. Qd2 Bc6 23. Rg3 Rf7 24. h4 Rd6 25. Re1 h6 26. Ree3 Qd5 27. Rg4 Qh5
28. Reg3 Rdd7 29. a4 Kh7 30. c4 Bxa4 31. Qe3 Bc6 32. Bb2 Qf5 33. Kh2 Qe6 34. Qc5
e3 35. fxe3 Be4 36. Qc8 Bf5 37. Rf4 Rd2 38. Qxe6 Bxe6 39. Rxf7 Rxb2 40. Rfxg7+
Kh8 41. R7g6 1-0

[Event "44th Annual World Open"]
[Site "Philadelphia USA"]
[Date "2016.07.04"]
[Round "8"]
[White "Sevian, Samuel"]
[Black "Wu, Christopher"]
[Result "1-0"]
[WhiteTitle "GM"]
[BlackTitle "FM"]
[WhiteElo "2603"]
[BlackElo "2347"]
[WhiteFideId "2040506"]
[BlackFideId "2040875"]
[EventDate "2016.06.30"]
[EventType "swiss"]

1. e4 c5 2. Nf3 e6 3. d4 cxd4 4. Nxd4 Nc6 5. Nc3 Qc7 6. f4 a6 7. Nxc6 Qxc6 8.
Bd3 b5 9. Qe2 Bb7 10. Bd2 Bc5 11. a3 Ne7 12. O-O-O Bd4 13. Qg4 f5 14. Qh5+ g6
15. Qh4 Qb6 16. g4 Rf8 17. gxf5 exf5 18. Rhe1 Bf2 19. Qxh7 Rf7 20. Qh8+ Rf8 21.
Qh7 Rf7 22. Qh8+ Rf8 23. Qh3 Bxe1 24. Rxe1 O-O-O 25. e5 Nd5 26. Qg3 Rh8 27. Kb1
Rh6 28. Nxd5 Bxd5 29. Rc1 Kb7 30. Be3 Qc6 31. Bg1 Rhh8 32. Qe3 Ra8 33. b3 Rhc8
34. Ka2 Rc7 35. c4 Be4 36. Bxe4 fxe4 37. Rd1 Qe6 38. Rd6 Qg4 39. e6 bxc4 40.
Qxe4+ Rc6 41. Rxd7+ Kb8 42. Qe5+ 1-0

[Event "44th Annual World Open"]
[Site "Philadelphia USA"]
[Date "2016.07.04"]
[Round "8"]
[White "Colas, Joshua"]
[Black "Corrales Jimenez, Fidel"]
[Result "1/2-1/2"]
[WhiteTitle "FM"]
[BlackTitle "GM"]
[WhiteElo "2387"]
[BlackElo "2528"]
[WhiteFideId "2044447"]
[BlackFideId "3506690"]
[EventDate "2016.06.30"]
[EventType "swiss"]

1. d4 Nf6 2. c4 e6 3. Nc3 Bb4 4. e3 O-O 5. Bd3 d5 6. Nf3 c5 7. O-O Nc6 8. cxd5
exd5 9. dxc5 Bxc5 10. h3 a6 11. b3 Re8 12. Bb2 Ba7 13. Rc1 h6 14. Ne2 Ne4 15.
Bxe4 dxe4 16. Qxd8 Rxd8 17. Nfd4 Nb4 18. Ba3 Nd3 19. Rc2 Re8 20. Rd1 b5 21. Nc6
Bb6 22. Nc1 Kh7 23. Nxd3 exd3 24. Rcc1 Bf5 25. Bc5 Bd8 26. Nb4 Bf6 27. Nxd3 Rad8
28. Bd4 Bxd4 29. exd4 Rxd4 30. Nc5 Rxd1+ 31. Rxd1 a5 32. Nb7 a4 33. Nd6 Rd8 34.
Rd4 axb3 35. axb3 Be6 36. Nxb5 Rb8 37. Nc7 1/2-1/2

[Event "44th Annual World Open"]
[Site "Philadelphia USA"]
[Date "2016.07.04"]
[Round "8"]
[White "Fishbein, Alexander"]
[Black "Santarius, Erik F"]
[Result "1/2-1/2"]
[WhiteTitle "GM"]
[WhiteElo "2481"]
[BlackElo "2302"]
[WhiteFideId "2000377"]
[BlackFideId "2025817"]
[EventDate "2016.06.30"]
[EventType "swiss"]

1. e4 c6 2. d4 d5 3. Nc3 dxe4 4. Nxe4 Bf5 5. Qf3 e6 6. Ne2 Nf6 7. Nxf6+ Qxf6 8.
Qb3 Qe7 9. Ng3 Bg6 10. Bf4 Qb4+ 11. c3 Qb6 12. h4 h6 13. Bc4 Be7 14. h5 Bh7 15.
O-O O-O 16. Rfe1 Bf6 17. Ne4 Bxe4 18. Rxe4 Qxb3 19. axb3 Nd7 20. b4 a6 21. Bd2
Rfd8 22. Re2 Be7 23. f4 Bd6 24. Rf1 b5 25. Bb3 Nf6 26. f5 e5 27. dxe5 Bxe5 28.
Bxh6 Re8 29. Rfe1 gxh6 30. Rxe5 Rxe5 31. Rxe5 Kf8 32. Bd1 Re8 33. Rxe8+ Kxe8 34.
g4 Ke7 35. g5 hxg5 36. h6 Kf8 37. Bf3 Nd5 38. f6 Kg8 39. Be4 Nxf6 40. Bxc6 Kh7
41. Bb7 Ne8 42. Bxa6 Nc7 43. Bc8 Kxh6 44. Kf2 1/2-1/2

[Event "44th Annual World Open"]
[Site "Philadelphia USA"]
[Date "2016.07.04"]
[Round "8"]
[White "Panchanatham, Vignesh"]
[Black "Zapata, Alonso"]
[Result "1/2-1/2"]
[WhiteTitle "FM"]
[BlackTitle "GM"]
[WhiteElo "2352"]
[BlackElo "2433"]
[WhiteFideId "2060523"]
[BlackFideId "4400011"]
[EventDate "2016.06.30"]
[EventType "swiss"]

1. d4 Nf6 2. c4 d6 3. Nc3 Nbd7 4. g3 e5 5. Bg2 Be7 6. e3 O-O 7. Nge2 Re8 8. O-O
Bf8 9. b3 c6 10. a4 a5 11. Ba3 exd4 12. Qxd4 Nc5 13. Rad1 Nxb3 14. Qf4 Nh5 15.
Qf3 Qg5 16. Ne4 Rxe4 17. Qxe4 Bf5 18. Qh4 Qxh4 19. gxh4 Bc2 20. Rb1 Bxb1 21.
Rxb1 Nd2 22. Rc1 Nf6 23. Ng3 Nd7 24. Rc2 Nb3 25. Ne4 Nbc5 26. Rb2 Nxe4 27. Bxe4
Ne5 28. Rxb7 Nxc4 29. Bb2 d5 30. Bf3 Bb4 31. Bd4 Nd6 32. Rd7 Kf8 33. Be5 Nf5 34.
Rc7 Nxh4 35. Bh5 Ng6 36. Bxg6 hxg6 37. Rxc6 Rd8 38. Bc7 Rd7 39. Bb6 Rb7 40. Rc8+
Ke7 41. Bd8+ Ke6 42. Ra8 d4 43. exd4 Bc3 44. Bxa5 Bxd4 45. Bd2 Rb2 46. Be3 Bxe3
47. Re8+ Kf5 48. Rxe3 Ra2 49. Rf3+ Ke6 50. Rf4 g5 51. Rb4 f5 52. Kg2 g4 53. Rb6+
Ke5 54. Rg6 Rxa4 55. Rxg7 Ra3 56. Re7+ Kf6 57. Rb7 Kg5 58. Rh7 Kf4 59. h3 gxh3+
60. Rxh3 Rxh3 61. Kxh3 1/2-1/2

[Event "44th Annual World Open"]
[Site "Philadelphia USA"]
[Date "2016.07.04"]
[Round "8"]
[White "Zhang, Yuanchen"]
[Black "Korley, Kassa"]
[Result "1-0"]
[WhiteTitle "FM"]
[BlackTitle "IM"]
[WhiteElo "2269"]
[BlackElo "2397"]
[WhiteFideId "2611902"]
[BlackFideId "2033801"]
[EventDate "2016.06.30"]
[EventType "swiss"]

1. e4 c5 2. Nf3 d6 3. d4 cxd4 4. Nxd4 Nf6 5. Nc3 a6 6. h3 e6 7. g4 Be7 8. g5
Nfd7 9. Be3 b5 10. a3 Bb7 11. h4 Nc6 12. Qd2 Rc8 13. O-O-O b4 14. axb4 Nxb4 15.
f3 Rxc3 16. bxc3 Qa5 17. Nb3 Qa3+ 18. Kb1 Qa2+ 19. Kc1 Qa3+ 20. Kb1 Na2 21. c4
e5 22. Bh3 d5 23. Qa5 Qxa5 24. Nxa5 Nc3+ 25. Kb2 Nxd1+ 26. Rxd1 1-0

[Event "44th Annual World Open"]
[Site "Philadelphia USA"]
[Date "2016.07.04"]
[Round "8"]
[White "Awatramani, Janak"]
[Black "Balakrishnan, Praveen"]
[Result "0-1"]
[BlackTitle "FM"]
[WhiteElo "2222"]
[BlackElo "2363"]
[WhiteFideId "2608359"]
[BlackFideId "2064871"]
[EventDate "2016.06.30"]
[EventType "swiss"]

1. g3 d5 2. Bg2 e5 3. d3 Nf6 4. Nc3 Be7 5. Bd2 Nc6 6. e4 Bg4 7. f3 Be6 8. Nge2
Qd7 9. exd5 Nxd5 10. Nxd5 Bxd5 11. Nc3 Be6 12. Be3 Nd4 13. Qd2 Bb4 14. a3 Ba5
15. O-O O-O-O 16. f4 exf4 17. Rxf4 Bb6 18. Re1 h5 19. Ne4 Qb5 20. c4 Qe5 21. Bf2
Bxc4 22. Nc3 Qa5 23. Qc1 Bxd3 24. b4 Qa6 25. Rxf7 Qc4 26. Rf4 g5 27. Rf6 Rhe8
28. Kh1 Nb3 29. Qb2 Bxf2 30. Rxe8 Rxe8 31. Bd5 Be4+ 0-1

[Event "44th Annual World Open"]
[Site "Philadelphia USA"]
[Date "2016.07.04"]
[Round "8"]
[White "Flaquer, Luis"]
[Black "Vibbert, Sean"]
[Result "1/2-1/2"]
[WhiteTitle "FM"]
[BlackTitle "FM"]
[WhiteElo "2195"]
[BlackElo "2350"]
[WhiteFideId "6400485"]
[BlackFideId "2030292"]
[EventDate "2016.06.30"]
[EventType "swiss"]

1. d4 d5 2. c4 c6 3. Nc3 Nf6 4. Nf3 dxc4 5. g3 Bf5 6. Ne5 Nd5 7. Bg2 Nxc3 8.
bxc3 Qa5 9. Qd2 Be6 10. Rb1 f6 11. Nf3 Nd7 12. Rxb7 Nb6 13. Rc7 Bd5 14. O-O Nc8
15. Rb7 Nd6 16. Rb4 e6 17. Qb2 Nb5 18. e4 Bxb4 19. exd5 Nxc3 20. dxc6 Nd5 21.
Qe2 Kf7 22. Qxc4 Rac8 23. a3 Bxa3 24. Bxa3 Qxa3 25. Ng5+ fxg5 26. Bxd5 Qd6 27.
Be4 Rhd8 28. Rd1 g6 29. d5 Rxc6 30. Qd3 Rc5 31. Ra1 exd5 32. Rxa7+ Rd7 33. Ra6
Qxa6 34. Bxd5+ Rcxd5 35. Qxa6 h6 36. Qc8 Kg7 37. h3 Rf7 38. Qc3+ Kh7 39. Kg2
Rdf5 40. Qd4 Kg8 41. Qd8+ Rf8 42. Qb6 Kg7 43. Qd4+ R8f6 44. Qd7+ Rf7 45. Qd4+
Kh7 46. Qb6 h5 47. Qd4 R5f6 48. Qc5 Kh6 49. Qe3 Rf5 50. Kg1 Rf3 51. Qd4 Rf8 52.
Qd2 Kh7 53. Qd4 R8f7 54. Kg2 R3f5 55. Qe3 Kh6 56. Kg1 Kh7 57. Kg2 g4 58. hxg4
hxg4 59. Qd4 R7f6 60. Kg1 Kh6 61. Qd2+ Kg7 62. Qd7+ Rf7 63. Qd4+ R5f6 64. Kg2 g5
65. Kg1 Kg6 66. Qe4+ Rf5 67. Qd4 Rxf2 1/2-1/2

[Event "44th Annual World Open"]
[Site "Philadelphia USA"]
[Date "2016.07.04"]
[Round "8"]
[White "Ludwig, John G"]
[Black "Akylbekov, Nasyr"]
[Result "0-1"]
[WhiteElo "2348"]
[BlackElo "2208"]
[WhiteFideId "2075512"]
[BlackFideId "13800353"]
[EventDate "2016.06.30"]
[EventType "swiss"]

1. e4 e5 2. Nf3 Nc6 3. Bb5 a6 4. Ba4 Nf6 5. d3 b5 6. Bb3 Bc5 7. Nc3 h6 8. Nd5 d6
9. c3 O-O 10. O-O Bg4 11. h3 Bd7 12. d4 exd4 13. cxd4 Ba7 14. e5 dxe5 15. dxe5
Nxd5 16. Bxd5 Rb8 17. e6 fxe6 18. Be4 Be8 19. Qb3 Qf6 20. Be3 Na5 21. Qb4 Bb6
22. Bxb6 cxb6 23. b3 Bc6 24. Rfe1 Bd5 25. Rac1 Rbc8 26. Rxc8 Rxc8 27. Bxd5 exd5
28. Qg4 Rf8 29. Re6 h5 30. Rxf6 hxg4 31. Rxf8+ Kxf8 32. hxg4 Nc6 33. a3 Ke7 34.
Kf1 Kd6 35. Ke2 b4 36. axb4 Nxb4 37. Nd4 Nc6 38. Ke3 Nxd4 39. Kxd4 a5 40. f4 b5
41. g5 a4 42. bxa4 bxa4 43. Kc3 Kc5 44. f5 d4+ 45. Kd3 a3 46. f6 gxf6 47. g6 a2
48. g7 a1=Q 49. g8=Q Qd1+ 50. Ke4 Qe2+ 51. Kf4 Qe3+ 52. Kg4 Qg5+ 53. Qxg5+ fxg5 0-1

[Event "44th Annual World Open"]
[Site "Philadelphia USA"]
[Date "2016.07.04"]
[Round "8"]
[White "Giannatos, Peter"]
[Black "Chase, Christopher"]
[Result "0-1"]
[BlackTitle "FM"]
[WhiteElo "2185"]
[BlackElo "2282"]
[WhiteFideId "2041650"]
[BlackFideId "2002396"]
[EventDate "2016.06.30"]
[EventType "swiss"]

1. d4 g6 2. Nf3 Bg7 3. e3 d6 4. Be2 e6 5. O-O Ne7 6. b3 Nd7 7. Bb2 b6 8. c4 Bb7
9. Nc3 O-O 10. Qc2 Nf5 11. Rad1 Nh4 12. Nxh4 Qxh4 13. Rfe1 Nf6 14. Bf1 Ng4 15.
h3 Nh6 16. e4 f5 17. e5 dxe5 18. dxe5 Nf7 19. Nb5 Ng5 20. f4 Qxf4 21. Bc1 Qg3
22. Bxg5 Qxg5 23. Nxc7 Be4 24. Qc3 Qf4 25. Qe3 Qxe5 26. Nxa8 Rxa8 27. Bd3 Bf8
28. Kf1 Bc5 29. Qg5 Qb2 30. Re3 Bxe3 31. Qxe3 Qxg2+ 32. Ke1 Rd8 33. Bxe4 Rxd1+
34. Kxd1 fxe4 35. Qd4 Qf3+ 36. Kc1 e3 37. Qd8+ Kf7 38. Qd7+ Kf6 39. Qxh7 Qf1+
40. Kc2 Qf2+ 41. Kd3 e2 42. Qh8+ Ke7 43. Qg7+ Kd6 44. Qh8 e1=Q 45. Qd8+ Ke5 46.
Qb8+ Kf5 47. Qf8+ Kg5 0-1

[Event "44th Annual World Open"]
[Site "Philadelphia USA"]
[Date "2016.07.04"]
[Round "8"]
[White "Jacobson, Aaron"]
[Black "Atoufi, Pedram"]
[Result "1-0"]
[BlackTitle "FM"]
[WhiteElo "2143"]
[BlackElo "2272"]
[WhiteFideId "2089912"]
[BlackFideId "12501654"]
[EventDate "2016.06.30"]
[EventType "swiss"]

1. e4 e5 2. Nf3 Nc6 3. Nc3 Nf6 4. d4 exd4 5. Nxd4 Bc5 6. Be3 Bb6 7. Qd2 O-O 8.
O-O-O Ng4 9. Nxc6 bxc6 10. Bxb6 axb6 11. f3 Ne5 12. f4 Ng6 13. e5 Qe7 14. h4
Nxh4 15. Bd3 Ng6 16. g4 Re8 17. g5 Qb4 18. Rdf1 Ba6 19. Bxa6 Rxa6 20. Qxd7 Raa8
21. Qxc6 Rad8 22. Kb1 Qd4 23. Qf3 b5 24. f5 Nf8 25. e6 b4 26. Rd1 Qe5 27. Rde1
Qc5 28. exf7+ Kxf7 29. g6+ Kg8 30. Ne4 Qe5 31. f6 Re6 32. gxh7+ Kh8 33. fxg7+
Qxg7 34. Reg1 Ng6 35. Qf5 Rde8 36. Ng5 Rf6 37. Qd5 Nf4 38. Qb5 Ref8 39. Ne6 c6
40. Rxg7 cxb5 41. Nxf8 1-0

[Event "44th Annual World Open"]
[Site "Philadelphia USA"]
[Date "2016.07.04"]
[Round "8"]
[White "Ghatti, Sanjay"]
[Black "Kretchetov, Alexandre"]
[Result "0-1"]
[BlackTitle "FM"]
[WhiteElo "2150"]
[BlackElo "2246"]
[WhiteFideId "2076438"]
[BlackFideId "4124588"]
[EventDate "2016.06.30"]
[EventType "swiss"]

1. e4 e5 2. Nf3 Nc6 3. Bb5 g6 4. d4 exd4 5. Bg5 Be7 6. Bxe7 Qxe7 7. Bxc6 dxc6 8.
Qxd4 Nf6 9. Nc3 Bg4 10. O-O-O Bxf3 11. gxf3 O-O 12. e5 Nh5 13. Ne4 Qe6 14. Kb1
b6 15. Ng3 Ng7 16. h4 c5 17. Qf4 Rae8 18. h5 Qxe5 19. Qh6 g5 20. Ne4 f6 21. Rhe1
Qf5 22. a3 Qxf3 23. Rd7 Rf7 24. Rxf7 Kxf7 25. Nxg5+ fxg5 26. Rxe8 Nxe8 27. Qxh7+
Ke6 28. Qg6+ Nf6 29. h6 g4 30. Ka2 Qxf2 31. h7 Qh2 32. Qg8+ Nxg8 33. hxg8=Q+ Kf5
34. Qf7+ Ke4 35. Qe6+ Kf3 36. Qc6+ Kf2 37. Qf6+ Kg1 38. Qg5 Qe2 39. Qf4 Qf3 40.
Qc1+ Kg2 41. Qd2+ Kg3 42. Qe1+ Kh3 43. Qe6 Kg2 44. Qh6 g3 45. Qd2+ Kf1 46. Qc1+
Ke2 0-1

[Event "44th Annual World Open"]
[Site "Philadelphia USA"]
[Date "2016.07.04"]
[Round "8"]
[White "Taghizadeh, Rayan"]
[Black "Tang, Andrew"]
[Result "0-1"]
[WhiteTitle "FM"]
[BlackTitle "IM"]
[WhiteElo "2192"]
[BlackElo "2416"]
[WhiteFideId "2054019"]
[BlackFideId "2059630"]
[EventDate "2016.06.30"]
[EventType "swiss"]

1. e4 e5 2. Nf3 Nc6 3. Bb5 a6 4. Ba4 d6 5. O-O Bd7 6. c3 g6 7. d4 Bg7 8. Bg5 f6
9. Be3 Nh6 10. dxe5 Nxe5 11. Nxe5 fxe5 12. Bxd7+ Qxd7 13. Bxh6 Bxh6 14. c4 O-O
15. Qd5+ Kg7 16. Nc3 c6 17. Qd3 Qe6 18. Rad1 Rad8 19. b4 Bg5 20. Rb1 Rf7 21. a4
h5 22. a5 h4 23. h3 Rdf8 24. Ne2 Bd8 25. Qc3 Kh7 26. Rbd1 Bc7 27. Rd3 Bb8 28. f3
Rd7 29. Qb3 Rfd8 30. Rfd1 Kg7 31. b5 axb5 32. cxb5 d5 33. Nc3 Qd6 34. Ne2 Qc5+
35. Kh1 d4 36. Rb1 Qxb5 37. Qxb5 cxb5 38. Rxb5 Rc8 39. Rb2 Ba7 40. Kg1 Rc5 41.
Ra2 Rb5 42. Kf1 Rb1+ 43. Kf2 Rc7 44. a6 b5 45. f4 b4 46. Ra5 Rc3 47. Rxc3 d3+
48. Rcc5 d2 0-1

[Event "44th Annual World Open"]
[Site "Philadelphia USA"]
[Date "2016.07.04"]
[Round "9.4"]
[White "Li, Ruifeng"]
[Black "Bologan, Viktor"]
[Result "0-1"]
[WhiteTitle "IM"]
[BlackTitle "GM"]
[WhiteElo "2529"]
[BlackElo "2654"]
[WhiteFideId "2061074"]
[BlackFideId "13900048"]
[EventDate "2016.06.30"]
[EventType "swiss"]

1. e4 c5 2. Nf3 d6 3. d4 cxd4 4. Nxd4 Nf6 5. Nc3 a6 6. h3 e6 7. g4 Be7 8. g5
Nfd7 9. Be3 b5 10. a3 Bb7 11. Qd2 Nb6 12. h4 N8d7 13. h5 Rc8 14. Rh3 Ne5 15. b3
Ng4 16. g6 Nxe3 17. gxf7+ Kxf7 18. Qxe3 Bf6 19. O-O-O e5 20. Nf3 Qc7 21. Bd3 d5
22. exd5 Qxc3 23. Ng5+ Kg8 24. Ne4 Nxd5 25. Nxf6+ gxf6 26. Qh6 Qa1+ 27. Kd2 Qc3+
28. Kc1 Qa1+ 29. Kd2 Qd4 30. Ke1 Kf7 31. Rg3 Qc3+ 32. Kf1 Rcg8 33. Rxg8 Kxg8 34.
Bf5 Kf7 35. Bxh7 Qf3 36. Ke1 Qg4 37. Bg6+ Kg8 38. Bf7+ Kxf7 39. Qxh8 Qg1+ 40.
Kd2 Qg5+ 41. Ke1 Ne7 42. Qh7+ Ke6 43. Qd3 Qg1+ 44. Ke2 Qg4+ 45. Ke1 Bc6 46. h6
Qh5 47. h7 Kf7 48. Kd2 e4 49. Qd4 Qxh7 50. Kc1 Qh6+ 51. Kb1 Qh5 52. Rg1 a5 53.
Kc1 a4 54. bxa4 bxa4 55. Qc3 Qf5 56. Qd4 Qf4+ 57. Kb1 Qh2 58. Rd1 Bd5 59. Rd2
Qb8+ 60. Ka1 Qb5 61. Rd1 Qc6 62. Kb2 Ke6 63. Qb4 Nf5 64. Qf8 Qb6+ 65. Kc1 Ne7
66. Qe8 Bc6 67. Qd8 Qxf2 68. Rd6+ Kf7 69. Qh8 Qf4+ 70. Rd2 e3 71. Qh5+ Ke6 72.
Re2 Bf3 73. Qh3+ f5 74. Re1 e2+ 75. Kb1 Qd2 76. Qh4 Be4 0-1

[Event "44th Annual World Open"]
[Site "Philadelphia USA"]
[Date "2016.07.04"]
[Round "9"]
[White "Bachmann, Axel"]
[Black "Popilski, Gil"]
[Result "0-1"]
[WhiteTitle "GM"]
[BlackTitle "GM"]
[WhiteElo "2642"]
[BlackElo "2542"]
[WhiteFideId "3700488"]
[BlackFideId "2809060"]
[EventDate "2016.06.30"]
[EventType "swiss"]

1. e4 c5 2. Nf3 d6 3. c3 Nf6 4. h3 Nbd7 5. Bd3 b6 6. Qe2 Bb7 7. Bc2 Rc8 8. d3
Qc7 9. a4 a6 10. O-O e6 11. Bf4 Be7 12. Nbd2 O-O 13. Bh2 Rfe8 14. Bb3 b5 15. d4
c4 16. Bc2 e5 17. d5 g6 18. Ra3 Nh5 19. Rfa1 Nc5 20. Qe3 Bd8 21. g4 Ng7 22. Bg3
Qe7 23. axb5 axb5 24. b4 cxb3 25. Nxb3 Na4 26. Nbd2 Nc5 27. Nb3 Na4 28. Nbd2 Nc5
29. Rb1 Ba6 30. Qh6 f6 31. Bd1 Rb8 32. Be2 Qd7 33. Bf1 Rb6 34. Qe3 Rb8 35. Kh2
Rf8 36. Qh6 Ne8 37. Rba1 Nc7 38. Qe3 Ra8 39. Ne1 f5 40. gxf5 gxf5 41. Bxe5 dxe5
42. Qxc5 Be7 43. Qe3 Bxa3 44. Rxa3 fxe4 45. Nxe4 Nxd5 46. Qh6 Bb7 47. Rxa8 Bxa8
48. Bxb5 Qg7 49. Qxg7+ Kxg7 50. Kg3 Nf4 51. Nd6 Kf6 52. Nc4 Ne2+ 0-1

[Event "44th Annual World Open"]
[Site "Philadelphia USA"]
[Date "2016.07.04"]
[Round "9"]
[White "Nyzhnyk, Illya"]
[Black "Ortiz Suarez, Isan Reynaldo"]
[Result "1-0"]
[WhiteTitle "GM"]
[BlackTitle "GM"]
[WhiteElo "2622"]
[BlackElo "2578"]
[WhiteFideId "14118084"]
[BlackFideId "3507165"]
[EventDate "2016.06.30"]
[EventType "swiss"]

1. d4 Nf6 2. c4 e6 3. Nc3 Bb4 4. Qc2 c5 5. dxc5 O-O 6. Nf3 Bxc5 7. Bg5 h6 8. Bh4
Be7 9. e3 b6 10. Be2 Bb7 11. Rd1 Na6 12. O-O Nc5 13. Rd4 Nh5 14. Bxe7 Qxe7 15.
b4 Na6 16. a3 Nf6 17. Rfd1 Nc7 18. Ne5 d6 19. Rxd6 Ncd5 20. Nb5 Rfc8 21. Qb2 a6
22. cxd5 Bxd5 23. Rxb6 axb5 24. Bxb5 Rc7 25. f3 Rac8 26. Ba6 Rc2 27. Qd4 Nd7 28.
Nxd7 Bxf3 29. gxf3 Qg5+ 30. Qg4 Qxe3+ 31. Kh1 f5 32. Qg3 Rc1 33. Rd6 R8c6 34.
Nf6+ Kf7 35. Rd7+ 1-0

[Event "44th Annual World Open"]
[Site "Philadelphia USA"]
[Date "2016.07.04"]
[Round "9"]
[White "Pozo Vera, Sandro"]
[Black "Sevian, Samuel"]
[Result "0-1"]
[WhiteTitle "GM"]
[BlackTitle "GM"]
[WhiteElo "2432"]
[BlackElo "2603"]
[WhiteFideId "3507203"]
[BlackFideId "2040506"]
[EventDate "2016.06.30"]
[EventType "swiss"]

1. d4 Nf6 2. c4 e6 3. Nf3 d5 4. Nc3 c6 5. g3 dxc4 6. Bg2 b5 7. Ne5 a6 8. O-O Bb7
9. b3 b4 10. Na4 c3 11. Nc4 a5 12. a3 Be7 13. Qc2 O-O 14. Nc5 Bxc5 15. dxc5 Nbd7
16. Bf4 e5 17. Nxe5 Nxe5 18. Bxe5 Re8 19. Bd6 Qd7 20. e4 Qe6 21. a4 Ba6 22. Rfe1
Qg4 23. h3 Qg6 24. Kh2 Bc8 25. f4 Qh5 26. Rad1 Bg4 27. Rd4 Re6 28. e5 Bxh3 29.
Bxh3 Ng4+ 30. Kg2 Rh6 31. Qe2 Qxh3+ 0-1

[Event "44th Annual World Open"]
[Site "Philadelphia USA"]
[Date "2016.07.04"]
[Round "9"]
[White "Kacheishvili, Giorgi"]
[Black "Shetty, Atulya"]
[Result "1/2-1/2"]
[WhiteTitle "GM"]
[BlackTitle "FM"]
[WhiteElo "2589"]
[BlackElo "2366"]
[WhiteFideId "13600613"]
[BlackFideId "2031213"]
[EventDate "2016.06.30"]
[EventType "swiss"]

1. c4 e5 2. Nc3 Nf6 3. g3 Nc6 4. Bg2 Bc5 5. a3 a6 6. e3 O-O 7. Nge2 d6 8. O-O
Ba7 9. d4 Bf5 10. h3 h5 11. d5 Ne7 12. e4 Bd7 13. Kh2 b5 14. b3 bxc4 15. bxc4 c6
16. Qd3 cxd5 17. cxd5 Nh7 18. Qxa6 Bc8 19. Qd3 Qa5 20. Nb5 Ba6 21. a4 Bxf2 22.
Rxf2 Bxb5 23. Qa3 Qxa4 24. Qxa4 Bxa4 25. Nc3 Bd7 26. Rfa2 Rxa2 27. Rxa2 Rc8 28.
Bd2 Rc7 29. Ra8+ Nc8 30. Bf1 Nf8 31. Be2 g6 32. Kg2 f6 33. h4 Kf7 34. Kf2 Ke7
35. Ra6 Ra7 36. Be3 Rxa6 37. Bxa6 Kd8 38. Nd1 Kc7 39. Bd2 Kb6 40. Bf1 Bb5 41.
Bh3 Bd7 42. Bf1 Bb5 43. Bh3 Ne7 44. Bb4 Kc7 45. Ba5+ Kb7 46. Bd8 Ng8 47. Nc3 Bd7
48. Bxd7 Nxd7 49. Nb5 Kc8 50. Bc7 1/2-1/2

[Event "44th Annual World Open"]
[Site "Philadelphia USA"]
[Date "2016.07.04"]
[Round "9"]
[White "Ramirez, Alejandro"]
[Black "Zhang, Yuanchen"]
[Result "1-0"]
[WhiteTitle "GM"]
[BlackTitle "FM"]
[WhiteElo "2563"]
[BlackElo "2269"]
[WhiteFideId "6500617"]
[BlackFideId "2611902"]
[EventDate "2016.06.30"]
[EventType "swiss"]

1. Nf3 Nf6 2. c4 e6 3. g3 c5 4. Bg2 Nc6 5. O-O d5 6. cxd5 exd5 7. d4 Be7 8. b3
O-O 9. Bb2 Ne4 10. dxc5 Bxc5 11. Nc3 Nxc3 12. Bxc3 d4 13. Bb2 Bg4 14. a3 a5 15.
Qd3 Re8 16. h3 Bxf3 17. Qxf3 Ne5 18. Qxb7 Rb8 19. Qd5 Qxd5 20. Bxd5 Rbd8 21. Bg2
Rb8 22. Rfc1 Ba7 23. Rc7 Rxb3 24. Rxa7 Rxb2 25. Rd1 Rxe2 26. Rxd4 g6 27. Bd5 Rd8
28. f4 Rb8 29. Rd1 Nd3 30. Bxf7+ Kh8 31. Bc4 Rbb2 32. Bxd3 1-0

[Event "44th Annual World Open"]
[Site "Philadelphia USA"]
[Date "2016.07.04"]
[Round "9"]
[White "Tang, Andrew"]
[Black "Shabalov, Alexander"]
[Result "0-1"]
[WhiteTitle "IM"]
[BlackTitle "GM"]
[WhiteElo "2416"]
[BlackElo "2533"]
[WhiteFideId "2059630"]
[BlackFideId "2008572"]
[EventDate "2016.06.30"]
[EventType "swiss"]

1. d4 Nf6 2. c4 b6 3. Nc3 Bb7 4. Qc2 d5 5. cxd5 Nxd5 6. Nf3 Nxc3 7. bxc3 g6 8.
e4 Bg7 9. Bg5 Nd7 10. Be2 O-O 11. O-O Qe8 12. Rad1 h6 13. Be3 e5 14. Bb5 c6 15.
Bd3 Qe7 16. Nxe5 Nxe5 17. dxe5 Qxe5 18. Bd4 Qe7 19. f4 Rad8 20. Bxg7 Kxg7 21. h3
c5 22. Qe2 Rd7 23. Bc2 Rxd1 24. Rxd1 Rd8 25. Rf1 Qe6 26. f5 Qe5 27. fxg6 fxg6
28. Qf3 Qe7 29. Qe3 Qe5 30. Qf2 Qe7 31. Qg3 Rd2 32. Bb3 Bxe4 33. Rf2 Rxf2 34.
Qxf2 Bf5 35. Qg3 h5 36. h4 Qe4 37. Kh2 Qe7 38. Kg1 Kh7 39. Kh2 Qd8 40. Qf4 b5
41. c4 b4 42. Ba4 Kg8 43. Bc6 Be6 44. Qe4 Qd6+ 45. Kh1 Kf7 46. Bd5 Bxd5 47. cxd5
a5 48. Qf3+ Ke7 49. Qe3+ Kf6 50. Qe4 a4 51. Qf3+ Kg7 52. Qd3 a3 53. Qe4 Qf6 54.
Kh2 b3 0-1

[Event "44th Annual World Open"]
[Site "Philadelphia USA"]
[Date "2016.07.04"]
[Round "9"]
[White "Antal, Gergely"]
[Black "Colas, Joshua"]
[Result "0-1"]
[WhiteTitle "GM"]
[BlackTitle "FM"]
[WhiteElo "2545"]
[BlackElo "2387"]
[WhiteFideId "717312"]
[BlackFideId "2044447"]
[EventDate "2016.06.30"]
[EventType "swiss"]

1. e4 c5 2. Nf3 e6 3. b3 d6 4. Bb2 Nf6 5. e5 dxe5 6. Nxe5 Be7 7. Bd3 O-O 8. O-O
Qc7 9. f4 Nc6 10. Na3 a6 11. Nxc6 Qxc6 12. Rf3 g6 13. Qe1 Ne8 14. f5 Bf6 15.
Bxf6 Nxf6 16. fxg6 fxg6 17. Qg3 Qd5 18. Raf1 Kg7 19. Nc4 Bd7 20. Qf2 Qd4 21.
Qxd4 cxd4 22. Rf4 Bb5 23. Rxd4 Rad8 24. Rdf4 Bxc4 25. Rxc4 Nd5 26. Rxf8 Kxf8 27.
Be4 b5 28. Rc5 Nf6 29. Bd3 Ke7 30. Rc6 Rd6 31. Rc8 e5 32. Rc7+ Ke6 33. Ra7 e4
34. Be2 Rxd2 35. Rxa6+ Ke5 36. Bxb5 e3 37. g3 Rxc2 38. Ra5 Rc5 39. b4 Rc1+ 40.
Kg2 Kd4 41. Ra8 Rc2+ 42. Kg1 e2 43. Bxe2 Rxe2 44. b5 Rb2 45. Ra4+ Ke5 46. Ra5
Nd5 47. a4 Ke4 48. Ra8 Ne3 49. Rc8 Rg2+ 50. Kh1 Ra2 51. Rc1 Rxa4 52. Rb1 Ra7 53.
Kg1 Rb7 54. Kf2 Nd5 55. g4 Nc3 56. Rb4+ Ke5 57. b6 Nd5 58. Ra4 Rxb6 59. Kg3 g5
60. Ra3 Rc6 61. h4 Rc3+ 62. Rxc3 Nxc3 63. hxg5 Ke6 0-1